00609nam a2200181 a 4500001000500000005001700005008004100022020001800063050002200081100001500103245006700118260003900185300001800224440001800242650003500260999001900295952011300314164720140414131848.0010710s19uu xx 00 eng d a0-516-01427-7 aM 303.3bB46 1988 aBerry, Joy aEvery kid's guide to handling illness /cwritten by Joy Berry. aChicago :bChildrens Press,c1988. a1 v. p. ; cm. aLIving skills aIllness - Juvenile literature. c110045d110045 00104050aMUbMUcMd2004-12-21eDonationl0oM 303.3 B46 1988pM0290r2014-04-14 00:00:00w2014-04-14yBK